00536nam a2200205 a 4500001001300000003000900013005001700022008004100039020000900080082001500089100002300104245003300127260004000160300000900200500003500209505001000244650003400254650001900288700002300307nice12345678IN_TiNIC20260116013625.0050524s1990 dela grp 000 0 urd  ac4500a914.7bKHA aKhan, Shah Mahmood aMain Ne Roos Mein Kiya Dekha aDelhibMarkazi Maktaba Islamic1990 a375p aincludes index and biblioraphy2 aIndex aRussia-Travel and Description aMuslims-Russia1 aKhan, Shah Mahmood